00385nam a22001337a 4500003000400000005001700004008004100021020001800062040002900080100002300109245007400132260003700206300000800243OSt20260326151049.0260326b |||||||| |||| 00| 0 eng d a9780849371936 cIIMT UNIVERSITY MEERUT  aNiazi, Sarfaraz K. aHandbook of Preformulation: Chemical, Biological, and Botanical Drugs aNEW DELHI bINFORMA healthcare  a446